000 00564nam a2200193Ia 4500
005 20250507130208.0
008 008 250505s9999 xx 000 0 eng d
037 _aSeries Article
040 _aEASL
_beng
_cEASL
041 _aeng
_2eng
084 _qEASL
100 _aVicente Ruben Gonzalez
_9668749
245 0 _aMapping chinese mining investment in Latin America: politics or market?
260 _aUK
_bUK Cambridge Univesity Press UK
_c2012
300 _a35-58
650 _aChinese History
942 _cSRA
999 _c1318255
_d1318255